00496nam a2200193 a 4500001001300000003000900013005001700022008004100039020000800080082001600088100002100104245002600125260003600151300000900187500003500196505001000231650004000241700002100281nice12345678IN_TiNIC20260116012147.0050524s1938 lona grp 000 0 eng  ac000a303.61bRAV aRaven, Charles E aWar and the Christian aLondonbMacmillan and Co.c1938 a286p aincludes index and biblioraphy2 aIndex aPeace-Religious Aspect-Christianity1 aRaven, Charles E